Click Fast but Accurately - Statistics

General Stats
  • This quiz has been taken 896 times
  • The average score is 45 of 100
Answer Stats
Hint Answer % Correct
1 1-10
99%
3 1-10
93%
5 1-10
93%
6 1-10
93%
4 1-10
92%
7 1-10
92%
8 1-10
92%
9 1-10
91%
2 1-10
90%
11 11-20
87%
12 11-20
86%
13 11-20
86%
14 11-20
85%
15 11-20
84%
17 11-20
84%
16 11-20
83%
18 11-20
83%
19 11-20
83%
22 21-30
78%
24 21-30
78%
25 21-30
78%
21 21-30
77%
23 21-30
77%
26 21-30
77%
27 21-30
77%
28 21-30
76%
29 21-30
74%
10 1-10
71%
32 31-40
68%
33 31-40
68%
34 31-40
68%
31 31-40
67%
35 31-40
67%
36 31-40
66%
37 31-40
65%
38 31-40
65%
39 31-40
63%
20 11-20
58%
43 41-50
54%
30 21-30
53%
42 41-50
53%
44 41-50
53%
45 41-50
53%
41 41-50
52%
46 41-50
52%
47 41-50
52%
48 41-50
51%
40 31-40
50%
49 41-50
50%
51 51-60
42%
52 51-60
42%
50 41-50
41%
53 51-60
41%
54 51-60
40%
55 51-60
40%
56 51-60
39%
57 51-60
38%
58 51-60
37%
59 51-60
35%
60 51-60
29%
61 61-70
28%
62 61-70
28%
63 61-70
27%
64 61-70
26%
65 61-70
24%
66 61-70
24%
67 61-70
23%
68 61-70
22%
69 61-70
20%
70 61-70
17%
72 71-80
16%
71 71-80
15%
73 71-80
15%
74 71-80
15%
75 71-80
13%
76 71-80
13%
77 71-80
12%
78 71-80
10%
79 71-80
10%
80 71-80
7%
81 81-90
7%
82 81-90
7%
87 81-90
7%
83 81-90
6%
84 81-90
6%
85 81-90
6%
86 81-90
6%
88 81-90
6%
89 81-90
5%
90 81-90
4%
91 91-100
3%
92 91-100
3%
93 91-100
3%
94 91-100
3%
95 91-100
3%
96 91-100
3%
97 91-100
3%
98 91-100
3%
99 91-100
3%
100 91-100
3%
No matching quizzes found
Score Distribution
Percent of People with Each Score
Percentile by Number Answered
Your Score History
You have not taken this quiz